| 000 | 00547nam a2200193 a 4500 | ||
|---|---|---|---|
| 001 | 1995 | ||
| 003 | CO-ViMGA | ||
| 008 | 141112s2004 ck r 000 u spa d | ||
| 040 |
_aCO-ViMGA _bspa _cCO-ViMGA |
||
| 082 | 0 | 4 | _a371.3 P657 |
| 100 | 1 | _aPontificia Universidad Javeriana | |
| 245 | 1 | 0 |
_aTecnicas de estudio / _cUriza Borja María Fernanda |
| 250 | _a3a | ||
| 260 |
_aSantafé de Bogotá : _bLa universidad, _c1997 |
||
| 300 | _a77 p : il | ||
| 650 | 1 | 4 |
_aMETODOS DE ESTUDIO _96184 |
| 650 | 1 | 4 |
_aTECNICAS DE ESTUDIO _950664 |
| 942 |
_2ddc _cBK |
||
| 999 |
_c14146 _d14146 |
||